| 000 -ლიდერი |
| ფიქსირებული სიგრძის საკონტროლო ველი |
02060nam a2200277Ia 4500 |
| 001 - საკონტროლო ნომერი |
| საკონტროლო ველი |
389 |
| 003 - საკონტროლო ნომრის იდენტიფიკატორი |
| საკონტროლო ველი |
GE_BSU |
| 005 - ბოლო ოპერაციის თარიღი და დრო |
| საკონტროლო ველი |
20221226113458.0 |
| 008 - ფიქსირებული სიგრძის მონაცემთა ელემენტები - ზოგადი ინფორმაცია |
| ფიქსირებული სიგრძის საკონტროლო ველი |
181216s2010||||ge |||||||||||||| ||geo|| |
| 020 ## - წიგნის საერთაშორისო სტანდარტული ნომერი |
| International Standard Book Number |
9789941031632 |
| 040 ## - კატალოგიზაციის წყარო |
| Transcribing agency |
GE_BSU |
| 041 ## - ენის კოდი |
| Language code of text/sound track or separate title |
geo |
| 080 ## - უნივერსალური ათობითი კლასიფიკაციის ინდექსი |
| Universal Decimal Classification number |
339.1(075.8) გ–41 |
| 100 ## - მთავარი ჩანაწერი - პიროვნების სახელი |
| Personal name |
გეჩბაია,ბადრი |
| 9 (RLIN) |
16576 |
| 245 ## - ცნობა სათაურის შესახებ |
| Title |
ბიზნესის PR ტექნოლოგიები : |
| Remainder of title |
[სახელმძღვ. შოთა რუსთაველის სახელმწ. უნ-ტის სტუდ.] / |
| Statement of responsibility, etc |
ბადრი გეჩბაია, გელა მამულაძე ; [რედ.: გურამ ჯოლია, რეზო მანველიძე] ; შოთა რუსთაველის სახელმწ. უნ-ტის სოციალ. მეცნ., ბიზნესისა და სამართალმცოდნ. ფაკ., ეკონ. პოლიტიკისა და ბიზნესის ადმინისტრირების დეპარტამენტი. |
| 264 ## - წარმოების, გამოცემის, დისტრიბუციის და სხვა ცნობები |
| გამოცემის, წარმოების, დისტრიბუციის... ადგილი |
თბილისი : |
| გამოცემის, წარმოების, დისტრიბუციის... სახელწოდება |
უნივერსალი, |
| გამოცემის, წარმოების, დისტრიბუციის... თარიღი |
2010. |
| 300 ## - ფიზიკური აღწერა |
| Extent |
126 გვ.; |
| Other physical details |
20 სმ. |
| 504 ## - BIBLIOGRAPHY, ETC. NOTE |
| Bibliography, etc |
ბიბლიოგრ.: გვ. 117-119. |
| 653 ## - INDEX TERM--UNCONTROLLED |
| Uncontrolled term |
ბიზნესი |
| 653 ## - INDEX TERM--UNCONTROLLED |
| Uncontrolled term |
პიარტექნოლოგიები |
| 700 ## - ADDED ENTRY--PERSONAL NAME |
| Personal name |
მამულაძე, გელა. |
| Relator term |
ავტორი |
| 9 (RLIN) |
16577 |
| 700 ## - ADDED ENTRY--PERSONAL NAME |
| Personal name |
ჯოლია, გურამ |
| Relator term |
რედაქტორი |
| 9 (RLIN) |
16578 |
| 700 ## - ADDED ENTRY--PERSONAL NAME |
| Personal name |
მანველიძე, რეზო |
| Relator term |
რედაქტორი |
| 9 (RLIN) |
1497 |
| 710 ## - ADDED ENTRY--CORPORATE NAME |
| Corporate name or jurisdiction name as entry element |
შოთა რუსთაველის სახელმწ. უნივერსიტეტი |
| Subordinate unit |
სოც. მეცნ., ბიზნესისა და სამართალმც. ფაკ. ეკონ. პოლიტიკისა და ბიზნესის ადმინისტრირების დეპარტამენტი. |
| 9 (RLIN) |
16579 |
| 942 ## - ADDED ENTRY ELEMENTS (KOHA) |
| Koha item type |
წიგნი |
| Source of classification or shelving scheme |
|